|
|
|
|
| LEADER |
00000nam0a2200000 4500 |
| 001 |
308319 |
| 005 |
20231102002101.0 |
| 035 |
|
|
|a (RuTPU)RU\TPU\book\333629
|
| 090 |
|
|
|a 308319
|
| 100 |
|
|
|a 20151030d1981 m y0rusy50 ca
|
| 101 |
0 |
|
|a rus
|
| 102 |
|
|
|a RU
|
| 105 |
|
|
|a a z 000zy
|
| 200 |
1 |
|
|a Познать себя
|f А. А. Рухманов
|
| 210 |
|
|
|a Москва
|c Молодая гвардия
|d 1981
|
| 215 |
|
|
|a 208 с.
|c ил.
|
| 225 |
1 |
|
|a Эврика
|
| 606 |
|
|
|a Личность
|x Формирование
|2 stltpush
|3 (RuTPU)RU\TPU\subj\37616
|9 58503
|
| 606 |
|
|
|a Неврозы
|2 stltpush
|3 (RuTPU)RU\TPU\subj\45228
|9 64484
|
| 610 |
1 |
|
|a стресс
|
| 610 |
1 |
|
|a познание
|
| 675 |
|
|
|a 612.821
|v 3
|
| 686 |
|
|
|a С55.35
|v LBC/SL-A
|2 rubbk
|
| 700 |
|
1 |
|a Рухманов
|b А. А.
|g Анатолий Александрович
|
| 801 |
|
1 |
|a RU
|b 63413507
|c 20151030
|
| 801 |
|
2 |
|a RU
|b 63413507
|c 20190128
|g RCR
|
| 942 |
|
|
|c BK
|